000 00882nam a2200241Ia 4500
003 OSt
005 20220923224531.0
006 a|||||r|||| 00| 0
007 ta
008 220922b |||||||| |||| 00| 0 pan d
020 _c180
024 _a240,343
037 _b177, 24/10/2009, H.K. Prakashan
_cTextual
040 _aARTS
_cARTS
_bpan
041 _2pan
_apan
082 _aY73(P153):351, 153P8
100 _aਦਰਿਆ, ਥਦ.
_9159534
245 0 _aਪੰਜਾਬੀ ਲੋਕ ਵਿFਵਾਸ
_b ਸਮਾਜਿਕ ਪਰਿਪੇਖ
260 _aਬਟਾਲਾ
_b ਕ੍ਰਿਸਚੀਅਨ ਇੰਸਟੀਚਿਉਟ ਫਾਰ ਰਿਲੀਗ਼ਮ ਸਟੱਡੀਗ਼
_c2008
300 _a168ਪੰ
_ccm.
942 _hY73(P153):351, 153P8
_cTEXL
_2CC
999 _c372036
_d372036